000
00279nam a22001337a 4500
003
SGT
082
_a
612
_b
T14K
100
_a
KAPOOR, RAJ
245
_a
TEXT BOOK OF MEDICAL PHYSIOLOGY
260
_a
DELHI
_b
TOP PUB
_c
2014
300
_a
402
650
_a
PHYSIOLOGY
942
_2
ddc
_c
BK
999
_c
8487
_d
8487